这些5A景区在哪里?#1 Where are these 5A scenic spots located? - Statistics

General Stats
  • This quiz has been taken 149 times
  • The average score is 41 of 66
Answer Stats
景点 地市 % Correct
**市泰山景区 泰安
95%
颐和园 北京
93%
**市鼓浪屿风景名胜区 厦门
91%
**巫山小三峡-小小三峡 重庆
88%
长白山景区 白山/延边
84%
**市漓江景区 桂林
83%
(海南)**市南山文化旅游区 三亚
81%
**古文化街旅游区(津门故里) 天津
81%
天坛公园 北京
81%
故宫博物院 北京
81%
**市山海关景区 秦皇岛
79%
**市黄鹤楼公园 武汉
79%
宁夏沙坡头国家级自然保护区 中卫
77%
**市三峡大坝旅游区 宜昌
77%
青城山都江堰风景名胜区 成都
77%
**市秦始皇兵马俑博物馆 西安
77%
**市蓬莱阁旅游区 烟台
76%
**市龙门石窟景区 洛阳
76%
八达岭长城 北京
76%
**市西湖风景名胜区 杭州
75%
**市登封市嵩山-少林寺景区 郑州
72%
**市南岳衡山旅游区 衡阳
71%
(辽宁)**市植物园 沈阳
70%
**东方明珠广播电视塔 上海
70%
**市庐山风景旅游区 九江
69%
**市拙政园 苏州
69%
**市云冈石窟 大同
68%
**避暑山庄及周围寺庙景区 承德
68%
**市曲阜明故城(三孔)旅游区 济宁
66%
钟山风景名胜区-中山陵园风景区 南京
66%
**市峨眉山景区 乐山
65%
**市伪满皇宫博物院 长春
65%
(新疆)**市葡萄沟风景区 吐鲁番
64%
**市华清池景区 西安
64%
**市玉龙雪山景区 丽江
64%
**市普陀山风景名胜区 舟山
61%
(江苏)中央电视台**影视基地三国水浒景区 无锡
60%
**市武夷山风景名胜区 南平
60%
**市长隆旅游度假区 广州
60%
**市安新白洋淀景区 保定
59%
**九寨沟旅游景区 阿坝
59%
**大足石刻景区 重庆
59%
(海南)**市南山大小洞天旅游区 三亚
58%
**武陵源旅游区 张家界
56%
**市石林风景区 昆明
54%
**市黄果树大瀑布景区 安顺
54%
**市井冈山风景旅游区 吉安
53%
**市太阳岛公园 哈尔滨
52%
**老虎滩海洋公园-海洋极地馆 大连
51%
**市周庄古镇景区 苏州
51%
**市雁荡山风景名胜区 温州
49%
(贵州)**市龙宫景区 安顺
48%
**市九华山风景区 池州
46%
**华侨城旅游度假区 深圳
46%
**喀纳斯景区 阿勒泰
45%
**市五台山风景名胜区 忻州
45%
**阜康市天山天池风景名胜区 昌吉
40%
**野生动物园 上海
40%
(河南)**市云台山风景名胜区 焦作
39%
**市崆峒山风景名胜区 平凉
36%
(广西)**市乐满地度假世界 桂林
35%
**市黄帝陵景区 延安
35%
(甘肃)**市**文物景区 嘉峪关
35%
**市**风景区 黄山
31%
**盘山风景名胜区 天津
31%
**市沙湖旅游景区 石嘴山
23%
No matching quizzes found
Score Distribution
Percent of People with Each Score
Percentile by Number Answered
Your Score History
You have not taken this quiz